| 000 | 00802cab a2200265 4500 | ||
|---|---|---|---|
| 001 | WB3232-67 | ||
| 008 | 090401t1996 xxu||||| |||| 00| 0 eng d | ||
| 035 | _a(Sirsi) u73998 | ||
| 041 | _aeng | ||
| 245 | _aRICS calls for business rates reform | ||
| 260 | _c1996 | ||
| 350 | _a0 | ||
| 490 |
_aFinancial Times _v23 August 1996, 10(1) |
||
| 520 | _aThe RICS has called on the Chancellor to reform the business rates system, with particular reference to transitional arrangements and downward phasing. | ||
| 650 | _aBUDGET SUBMISSION | ||
| 650 | _aBUSINESS RATES | ||
| 650 | _aDOWNWARD PHASING | ||
| 650 | _aREFORM | ||
| 650 | _aRATING REVALUATION 1995 | ||
| 650 | _aRICS | ||
| 650 | _aTRANSITIONAL ARRANGEMENTS | ||
| 690 | _aRATING AND VALUATION | ||
| 942 | _n0 | ||
| 948 | _c04/03/1997 | ||
| 999 |
_c46708 _d46708 |
||